[Event "Eljanov Memorial 6th"]
[Site "Chess.com INT"]
[Date "2020.10.29"]
[Round "5"]
[White "Maliar, Anatoliy"]
[Black "Lohvinov, Petro"]
[Result "1-0"]
[WhiteElo "2138"]
[BlackElo "2152"]
[PlyCount "63"]
[EventDate "2020.10.29"]
[EventType "swiss (blitz)"]
[EventRounds "9"]
[EventCountry "UKR"]
[SourceTitle "CBM 199 Extra"]
[Source "ChessBase"]
[SourceDate "2021.01.31"]
[SourceVersion "1"]
[SourceVersionDate "2021.01.31"]
[SourceQuality "1"]

1. e4 e5 2. Nf3 Nc6 3. Bb5 a6 4. Bxc6 dxc6 5. 0-0 Bg4 6. h3 h5 7. d3 Qf6 8. Be3 Ne7 9. Nbd2 Ng6 10. hxg4 hxg4 11. Bg5 Qe6 12. Nh2 g3 13. fxg3 Bc5+ 14. Kh1 f6 15. d4 Bxd4 16. c3 Bb6 17. Ndf3 fxg5 18. Nxg5 Qe7 19. Rf7 Qxf7 20. Nxf7 Kxf7 21. Qd7+ Ne7 22. Rf1+ Kg6 23. Qe6+ Kh7 24. Qxe7 Rae8 25. Qg5 Kg8 26. g4 Re6 27. g3 Reh6 28. Qd8+ Kh7 29. Qe7 Kg8 30. Qe8+ Kh7 31. Qxe5 Kg6 32. Qf5# 1-0

[Event "HUN-chT2 Barcza 1819"]
[Site "Hungary"]
[Date "2018.09.23"]
[Round "1.3"]
[White "Lengyel, Laszlo1111"]
[Black "Maliar, Anatoliy"]
[Result "1-0"]
[WhiteElo "2050"]
[BlackElo "2189"]
[PlyCount "69"]
[EventDate "2018.09.23"]
[EventType "team-tourn"]
[EventRounds "11"]
[EventCountry "HUN"]
[SourceTitle "CBM 189 Extra"]
[Source "ChessBase"]
[SourceDate "2019.06.03"]
[SourceVersion "1"]
[SourceVersionDate "2019.06.03"]
[SourceQuality "1"]
[WhiteTeam "Tiszavasvar"]
[BlackTeam "Kazincbarcika"]
[WhiteTeamCountry "HUN"]
[BlackTeamCountry "HUN"]

1. e4 e6 2. Nf3 d5 3. e5 c5 4. b4 c4 5. a3 a5 6. b5 Ne7 7. d3 cxd3 8. cxd3 Nf5 9. d4 Be7 10. Bd3 g6 11. 0-0 h5 12. a4 Nd7 13. Ba3 b6 14. Nc3 Bb7 15. Ne2 Rc8 16. Qd2 Bxa3 17. Rxa3 Qe7 18. Rc3 0-0 19. Rfc1 Rxc3 20. Rxc3 Rc8 21. Rxc8+ Bxc8 22. Bxf5 exf5 23. Qc1 Qd8 24. Qc6 Nb8 25. Qc1 Be6 26. Nf4 Bc8 27. h4 Bb7 28. Ng5 Bc8 29. Qc2 Kg7 30. e6 f6 31. Nf7 Qg8 32. Qc7 Bxe6 33. Nxe6+ Kh7 34. Nfd8+ Kh6 35. Qxb8 1-0

[Event "HUN-chT2 Barcza 1718"]
[Site "Hungary"]
[Date "2017.10.08"]
[Round "2.3"]
[White "Maliar, Anatoliy"]
[Black "Hidegh, Gabor"]
[Result "1/2-1/2"]
[WhiteElo "2208"]
[BlackElo "2122"]
[PlyCount "66"]
[EventDate "2017.09.24"]
[EventType "team-tourn"]
[EventRounds "11"]
[EventCountry "HUN"]
[SourceTitle "EXT 2021"]
[Source "ChessBase"]
[SourceDate "2020.10.23"]
[SourceVersion "1"]
[SourceVersionDate "2020.10.23"]
[SourceQuality "1"]
[WhiteTeam "Kazincbarcika"]
[BlackTeam "Bajnok Sakkiskola"]
[WhiteTeamCountry "HUN"]
[BlackTeamCountry "HUN"]

1. Nf3 d6 2. c4 e5 3. Nc3 Nc6 4. d4 Bg4 5. d5 Nce7 6. h3 Bd7 7. e4 f5 8. Bd3 Nf6 9. Bg5 f4 10. Bxf6 gxf6 11. Nh4 Ng6 12. Qh5 Rg8 13. Qxh7 Qe7 14. Qxg8 Nxh4 15. Qh8 Nxg2+ 16. Kf1 f3 17. Qh5+ Qf7 18. Qxf3 Nf4 19. Ne2 Nxd3 20. Qxd3 f5 21. Ng3 fxe4 22. Qxe4 0-0-0 23. Qe3 Kb8 24. Ne4 Be7 25. Ke2 Rf8 26. Rag1 c6 27. Rd1 cxd5 28. cxd5 Bb5+ 29. Ke1 Bd8 30. Rd2 Bb6 31. Qg3 Qh7 32. Nc3 Ba5 33. Rg1 Ba6 1/2-1/2